00854nam a2200217 a 450000100100000000500170001000800410002704000250006808200150009310000250010824502100013325000110034326000330035430000270038750000330041450400740044765000250052170000250054670000380057170000270060900002297120200930021914.0101123s1965 mx r 001 0 spa d aDO-SdBNPbspacBNPHU a100bK826f1 aKonstantinov, F. V..10aFundamentos de la filosofía marxista /cAcademia de Ciencias de la U.R.S.S. ; redacción general de F. V. Konstantinov ; [traducción directa del ruso por Adolfo Sánchez Vásquez y Wenceslao Roces]. a2a ed. aMéxico :bGrijalbo,c1965. aviii, 696 p. ;c21 cm. aIncluye índice de nombres. aIncluye referencias bibliográficas y notas al pie de las páginas. 4aFilosofía marxista1 aKonstantinov, F. V.,1 aSánchez Vásquez, Adolfo,etr.1 aRoces, Wenceslao,etr.